zpět

Detail výsledku týmu

Na Hřišti Tišice, Tišice

Datum a čas kvízu

35 Celkem bodů Celkový počet nahraných bodů na tomto kvízu bez doplňovacích otázek.
1. Pořadí na kvízu Konečné umístění týmu na tomto kvízu.

Zaznamenané odpovědi

# Otázka Odpověď Body Výsledky
1. Jak se nazývá státní vyznamená... Řád Tomáše Garrigua Masaryka (1. třídy) 0
2. O víkendu se v Rusku konaly pr... Poledne proti Putinovi 0
3. Minulý týden byla přidána na... berlínské techno 0
4. Automobilka Škoda představila... Epiq 0
5. Minulý týden se stala jedna ne... Jaromír Jágr 1
6. Téma začneme v Evropě. Seřaďte... 1B 2A 3D 4C 1
7. Na území kterého ostrovního st... Kuba 1
8. Které z těchto zvířat nežije p... C 1
9. Jak se jmenuje nejlidnatější s... Indonésie, Jakarta 0.5
10. Jak se jmenuje ostrovní stát,... Maledivy 0